| 000 | 00927nam a22002897a 4500 | ||
|---|---|---|---|
| 005 | 20220329142003.0 | ||
| 008 | 981117d1998 mx r 10110 spa d | ||
| 010 | _a76684 | ||
| 011 | _a77656 | ||
| 020 | _a9688845353 | ||
| 034 | 0 | _a87312 | |
| 035 | _a87312 | ||
| 082 | 0 | 4 |
_a581.508063 _bC6 |
| 245 | 0 | 0 |
_aResúmenes _c/por Asociación Etnobiológica Mexicana |
| 260 |
_aMéxico : _bAsociación Etnobiológica Mexicana, _c1998. |
||
| 300 | _a119 p. | ||
| 590 |
_aBATCH-UPD _b10 _c20130110 _lUCH01 _h0647 |
||
| 590 |
_aBATCH-UPD _b10 _c20130410 _lUCH01 _h0332 |
||
| 590 |
_aBATCH-UPD _b10 _c20130914 _lUCH01 _h1330 |
||
| 590 |
_aCONVERSION _b10 _c20130109 _lUCH01 _h1342 |
||
| 650 | 1 | 4 |
_aEtnobiología _xCongresos. _938610 |
| 650 | 1 | 4 |
_aEtnobotánica. _938611 |
| 650 | 1 | 4 |
_aRecursos naturales _xConservación _xMéxico. _995242 |
| 650 | 1 | 4 |
_aRecursos naturales _xUtilización. _995321 |
| 901 | _aBK | ||
| 905 | _aAlejandra Carrasco M. | ||
| 999 |
_c76684 _d76684 |
||